000
00322nam a2200109Ia 4500
008
171211s9999 xx 000 0 und d
245
_a
Selbstverteidigung. Abwehrtechniken für Sie und für Ihn
245
_c
Edwin Deser
260
_c
1995
650
_x
Martial Arts
856
_u
http://down.ebook777.com/057/3806808538.pdf
999
_c
348193
_d
348193